000 00689nam a2200133Ia 4500
008 220616s9999||||xx |||||||||||||| ||und||
022 _a23658029
100 _aGeisler, Helge Ingolf
245 0 _aFinite Element Method (FEM) Model and Performance Analysis of Solid Oxide Fuel Cells
546 _aEnglish[eng]
650 _aFinite Element Method (FEM) simulation||Solid Oxide Fuel Cell (SOFC)||Hochtemperatur Festoxid-Brennstoffzelle (SOFC)||anode supported cell (ASC)||Finite Elemente Methode (FEM) Simulation||mischleitende (MIEC) Kathode||mixed-ionic-electronic conductive (MIEC) cathode||anodengestützte Zelle (ASC)
856 _uhttps://www.ksp.kit.edu/9783731508953
942 _cEB
999 _c20561
_d20561